000 00942 a2200217 4500
001 56718
005 20260407155830.0
008 260407a1962 arg spa d
003 AR-UNSa-BCEJYS
040 _aAR-UNSa-BCEJYS
_bspa
_cAR-UNSa-BCEJYS
080 _a16
_xLógica. Epistemología. Teoría del conocimiento
245 1 0 _aLógica
_py nociones de teoría del conocimiento
250 _a18a. ed.
264 1 _aBuenos Aires :
_bEspasa-Calpe Argentina
_c1962
300 _a253 p.
_c22 cm.
505 _a1. El pensamiento y la lógica - 2. Los principios lógicos - 3. El concepto - 4. El juicio - 5. La definición - 6. El razonamiento - 7. El silogismo - 8. Nociones de lógica moderna - 9. El método - 10. La lógica matemática - 11. La lógica de las ciencias naturales - 12. Las ciencias del espíritu y la filosofía
041 _aspa
942 _cBK
590 _aniveau_biblio:m niveau_hierar:0
100 1 _aRomero, Francisco
999 _c6017
_d6017